| 000 | 00694nam a2200241 i 4500 | ||
|---|---|---|---|
| 001 | 17903 | ||
| 003 | ES-MaACL | ||
| 005 | 20230906151718.0 | ||
| 007 | t| | ||
| 008 | 010619s2001 sp ||||1| spa d | ||
| 020 | _a84-8460-103-X | ||
| 080 | _a355.425.4(460)"1939/55" | ||
| 100 | 1 |
_aSerrano, Secundino. _9105720 |
|
| 245 | 1 | 0 |
_aMaquis _b: historia de la guerrilla antifranquista / _cSecundino Serrano. |
| 250 | _a3ª ed. | ||
| 260 |
_aMadrid : _bTemas de Hoy, _c2001. |
||
| 300 |
_a430 p. ; _c24 cm. |
||
| 490 | 1 | _aHistoria | |
| 650 | 4 |
_aGuerrillas- _zEspaña- _y1939-1975. _9143365 |
|
| 830 | 0 |
_aHistoria _9177536 |
|
| 852 |
_aES-MaACL _jL-24733 _bR.130238 |
||
| 999 |
_c17903 _d17903 |
||